US Presidential Election Rematches Quiz Stats

Quiz Updated Jan 17, 2013

Challenge
Share
Tweet
Embed
Score 0/7 Timer 05:00
1 Play Today
Years Candidates % Correct
1796 / 1800John Adams / Thomas Jefferson
92.2%
1952 / 1956Dwight Eisenhower / Adlai Stevenson
69.5%
1824 / 1828John Quincy Adams / Andrew Jackson
62.6%
1888 / 1892Benjamin Harrison / Grover Cleveland
56%
1896 / 1900William McKinley / William Jennings Bryan
51.1%
1836 / 1840Martin Van Buren / William Henry Harrison
38.8%
1824 / 1832Andrew Jackson / Henry Clay
38.2%

You're not logged in!

Compare scores with friends on all Sporcle quizzes.
Sign Up with Email
OR
Log In

You Might Also Like...

Show Comments

Extras

Top Quizzes Today


Score Distribution

Your Account Isn't Verified!

In order to create a playlist on Sporcle, you need to verify the email address you used during registration. Go to your Sporcle Settings to finish the process.

Report this User

Report this user for behavior that violates our Community Guidelines.

Details: